000 00296nam a22001337a 4500
008 170713b xxu||||| |||| 00| 0 eng d
020 _a9780534525309
041 _aeng
080 _22ND
_a101
100 _a24
101 _aFIL
245 _aSCIENTIFIC KNOWLEDGE
_cKOURANY,J.A
942 _2udc
_cBK
999 _c20580
_d20580